00477nam a2200145Ia 4500650002100000942000700021366000900028245005900037260001400096082001100110300000800121546001200129999001700141952017300158 aElectromagnetics cBK f17.5 aProblems and solutions of Engineering electromagnetics bCBSc1998 a530.14 a543 aENGLISH c21786d21786 001040708CRCaCRCEbCRCEd2023-03-17eEducational books and periodicalsg144.38i258 dt 27/04/2009l3o530.14 p19556r2024-11-18s2024-10-14v175.00w0000-00-00yBK